| 000 | 00858cam a22002773a 4500 | ||
|---|---|---|---|
| 001 | 24612 | ||
| 003 | PGUSA | ||
| 005 | 20140828083528.0 | ||
| 008 | 080215s2008||||xxu|||||s|||||000 | eng d | ||
| 040 |
_aPGUSA _beng |
||
| 042 | _adc | ||
| 050 | 4 | _aE456 | |
| 100 | 1 | _aRamsay, H. Ashton | |
| 245 | 1 | 4 |
_aThe Monitor and the Merrimac : _bBoth sides of the story _h[electronic resource] / _cH. Ashton Ramsay |
| 260 |
_bProject Gutenberg, _c2008 |
||
| 506 | _aPublic domain in the USA. | ||
| 516 | _aElectronic text | ||
| 653 | _aNaval battles | ||
| 653 | _aMerrimack (Frigate) | ||
| 653 | _aHampton Roads, Battle of, Va., 1862 | ||
| 653 | _aMonitor (Ironclad) | ||
| 653 | _aUnited States -- History -- Civil War, 1861-1865 -- Naval operations | ||
| 830 | 0 |
_aProject Gutenberg _v24612 |
|
| 856 | 4 | 0 | _uhttp://www.gutenberg.org/ebooks/24612 |
| 942 | _cEB | ||
| 999 |
_c253867 _d253867 |
||